[Event "Benidorm op U2300 18th"]
[Site "Benidorm"]
[Date "2019.12.07"]
[Round "10"]
[White "Hristodorescu, Daniel"]
[Black "Garcia Molina, Francisco Miguel"]
[Result "1/2-1/2"]
[WhiteElo "2131"]
[BlackElo "2219"]
[PlyCount "23"]
[EventDate "2019.11.29"]
[EventType "swiss"]
[EventRounds "10"]
[EventCountry "ESP"]
[SourceTitle "EXT 2022"]
[Source "ChessBase"]
[SourceDate "2021.10.06"]
[SourceVersion "1"]
[SourceVersionDate "2021.10.06"]
[SourceQuality "1"]

1. e4 c5 2. Nf3 d6 3. Bb5+ Bd7 4. Bxd7+ Qxd7 5. 0-0 Nc6 6. Re1 Nf6 7. b3 g6 8. Bb2 Bg7 9. e5 dxe5 10. Nxe5 Nxe5 11. Bxe5 0-0 12. d3 1/2-1/2

[Event "Benidorm op U2300 18th"]
[Site "Benidorm"]
[Date "2019.12.05"]
[Round "8"]
[White "Gonzalez Martinez, Miguel Angel"]
[Black "Garcia Molina, Francisco Miguel"]
[Result "1/2-1/2"]
[WhiteElo "2094"]
[BlackElo "2219"]
[PlyCount "63"]
[EventDate "2019.11.29"]
[EventType "swiss"]
[EventRounds "10"]
[EventCountry "ESP"]
[SourceTitle "EXT 2022"]
[Source "ChessBase"]
[SourceDate "2021.10.06"]
[SourceVersion "1"]
[SourceVersionDate "2021.10.06"]
[SourceQuality "1"]

1. d4 Nf6 2. Nf3 e6 3. Bf4 c5 4. e3 Nc6 5. Nbd2 d5 6. c3 Bd6 7. Bg3 0-0 8. Bd3 b6 9. e4 Be7 10. e5 Nh5 11. a3 a5 12. Qe2 c4 13. Bc2 g6 14. Nf1 b5 15. h4 Ra7 16. Bh2 f5 17. exf6 Rxf6 18. Ne5 Nxe5 19. Bxe5 Rf7 20. g3 Bd6 21. Nh2 Bxe5 22. Qxe5 Qc7 23. Ng4 Qxe5+ 24. Nxe5 Rf8 25. 0-0 Nf6 26. Rfe1 Ra6 27. f3 Nd7 28. Kf2 Nxe5 29. Rxe5 Kg7 30. h5 Bd7 31. hxg6 hxg6 32. Kg2 1/2-1/2

[Event "Almansa op-A 14th"]
[Site "Almansa"]
[Date "2019.08.09"]
[Round "5"]
[White "Garcia Molina, Francisco Miguel"]
[Black "Sanchez Jerez, Emilio Miguel"]
[Result "1/2-1/2"]
[WhiteElo "2217"]
[BlackElo "2141"]
[PlyCount "67"]
[EventDate "2019.08.07"]
[EventType "swiss"]
[EventRounds "7"]
[EventCountry "ESP"]
[SourceTitle "EXT 2022"]
[Source "ChessBase"]
[SourceDate "2021.10.06"]
[SourceVersion "1"]
[SourceVersionDate "2021.10.06"]
[SourceQuality "1"]

1. e4 e6 2. d4 d5 3. Nd2 c5 4. exd5 Qxd5 5. Ngf3 cxd4 6. Bc4 Qd6 7. 0-0 Nc6 8. Nb3 Nf6 9. Nbxd4 Nxd4 10. Nxd4 a6 11. Bb3 Qc7 12. Re1 Bd6 13. Nf5 Bxh2+ 14. Kh1 0-0 15. Nxg7 Rd8 16. Qf3 Kxg7 17. Bh6+ Kg6 18. c3 e5 19. Bc2+ e4 20. g3 Qe5 21. Bf4 Qh5 22. Bxe4+ Nxe4 23. Qxh5+ Kxh5 24. Rxe4 Bxg3 25. fxg3 Be6 26. Re5+ Kg6 27. Kg2 Rd5 28. Rxd5 Bxd5+ 29. Kf2 Re8 30. b3 Re7 31. Rd1 Rd7 32. c4 Be6 33. Rxd7 Bxd7 34. Ke3 1/2-1/2

[Event "Almansa op-A 14th"]
[Site "Almansa"]
[Date "2019.08.09"]
[Round "6"]
[White "Khennous, Fares"]
[Black "Garcia Molina, Francisco Miguel"]
[Result "1/2-1/2"]
[WhiteElo "2023"]
[BlackElo "2217"]
[PlyCount "89"]
[EventDate "2019.08.07"]
[EventType "swiss"]
[EventRounds "7"]
[EventCountry "ESP"]
[SourceTitle "EXT 2022"]
[Source "ChessBase"]
[SourceDate "2021.10.06"]
[SourceVersion "1"]
[SourceVersionDate "2021.10.06"]
[SourceQuality "1"]

1. e4 c5 2. Nc3 Nc6 3. Bb5 Nd4 4. Bc4 e6 5. Nf3 Nf6 6. e5 d5 7. exd6 Bxd6 8. d3 a6 9. a4 0-0 10. Bg5 h6 11. Bh4 Nf5 12. Bg3 b6 13. Bxd6 Qxd6 14. Ne4 Qe7 15. 0-0 Bb7 16. Ng3 Nxg3 17. hxg3 Rfd8 18. Re1 Bd5 19. Bxd5 Rxd5 20. Ne5 Qc7 21. Qe2 Re8 22. b3 Nd7 23. Nf3 Nb8 24. Qe4 Rdd8 25. Qe5 Qc8 26. Qf4 Nc6 27. Ne5 Nxe5 28. Rxe5 a5 29. Rae1 Rd4 30. R5e4 Red8 31. Qf3 Rxe4 32. Rxe4 Qd7 33. g4 Qd5 34. Qe3 Qg5 35. Qe2 Rd4 36. Rxd4 cxd4 37. g3 Qd5 38. Qe4 Qc5 39. Qe2 Kf8 40. Kf1 Qc6 41. Ke1 Qc3+ 42. Kd1 Qa1+ 43. Kd2 Qc3+ 44. Kd1 Qa1+ 45. Kd2 1/2-1/2

[Event "Almansa op-A 14th"]
[Site "Almansa"]
[Date "2019.08.07"]
[Round "1"]
[White "Garcia Molina, Francisco Miguel"]
[Black "Sanjuan Garcia, Miguel"]
[Result "1-0"]
[WhiteElo "2217"]
[BlackElo "2048"]
[PlyCount "51"]
[EventDate "2019.08.07"]
[EventType "swiss"]
[EventRounds "7"]
[EventCountry "ESP"]
[SourceTitle "EXT 2022"]
[Source "ChessBase"]
[SourceDate "2021.10.06"]
[SourceVersion "1"]
[SourceVersionDate "2021.10.06"]
[SourceQuality "1"]

1. e4 c5 2. Nf3 e6 3. d4 cxd4 4. Nxd4 Nf6 5. Nc3 d6 6. g4 e5 7. Bb5+ Bd7 8. Bxd7+ Qxd7 9. Nf5 h5 10. Bg5 Nh7 11. f4 g6 12. Ne3 Nxg5 13. fxg5 hxg4 14. Nxg4 Be7 15. Nd5 Kf8 16. Nxe7 Qxe7 17. Qd2 Qe6 18. Nh6 Nc6 19. Rf1 Rh7 20. Rf6 Qc4 21. 0-0-0 Nd4 22. Kb1 Rc8 23. c3 Nb5 24. Qe3 a5 25. Qf3 a4 26. Rxg6 1-0

[Event "Almansa op-A 14th"]
[Site "Almansa"]
[Date "2019.08.07"]
[Round "2"]
[White "Valdepenas Octavio, Javier"]
[Black "Garcia Molina, Francisco Miguel"]
[Result "1/2-1/2"]
[WhiteElo "2140"]
[BlackElo "2217"]
[PlyCount "133"]
[EventDate "2019.08.07"]
[EventType "swiss"]
[EventRounds "7"]
[EventCountry "ESP"]
[SourceTitle "EXT 2022"]
[Source "ChessBase"]
[SourceDate "2021.10.06"]
[SourceVersion "1"]
[SourceVersionDate "2021.10.06"]
[SourceQuality "1"]

1. Nf3 Nf6 2. c4 c5 3. Nc3 Nc6 4. g3 e6 5. Bg2 d5 6. cxd5 Nxd5 7. 0-0 Be7 8. d3 0-0 9. Bd2 b6 10. a3 Bb7 11. Qa4 a6 12. Rfc1 Rc8 13. Rab1 Qd7 14. Ne4 Rfd8 15. Bg5 f6 16. Bd2 Bf8 17. Bh3 f5 18. Nc3 b5 19. Qd1 Nb6 20. Qf1 g6 21. Nd1 Qd6 22. Bg2 Ba8 23. Rc2 e5 24. Rbc1 c4 25. Be3 Nd4 26. Nxd4 exd4 27. Bd2 Bxg2 28. Qxg2 cxd3 29. exd3 Rxc2 30. Rxc2 Qd5 31. Qxd5+ Nxd5 32. b4 Kf7 33. Kf1 Ke6 34. f3 Kd7 35. Nf2 Rc8 36. Rxc8 Kxc8 37. Nh3 a5 38. Ng5 axb4 39. axb4 Bh6 40. f4 Bxg5 41. fxg5 Kd7 42. Ke2 Ke6 43. Be1 Ke5 44. Kf3 Ne7 45. Bd2 Nc6 46. h4 Kd5 47. Ke2 Ne5 48. Bf4 Nf7 49. Bc7 h5 50. Bb8 Nd8 51. Bf4 Nc6 52. Bd2 Ke5 53. Bf4+ Ke6 54. Bd2 Ne7 55. Kf2 Nc8 56. Ke2 Nb6 57. Kd1 f4 58. Bxf4 Nd5 59. Bd2 Kf5 60. Ke2 Kg4 61. Kf2 Ne7 62. Bf4 Nd5 63. Bd2 Ne7 64. Bf4 Nd5 65. Bd2 Nb6 66. Bf4 Nd5 67. Bd2 1/2-1/2

[Event "ESP-ch rapid"]
[Site "Linares"]
[Date "2016.08.14"]
[Round "4"]
[White "Almagro Llamas, Pablo"]
[Black "Garcia Molina, Francisco Miguel"]
[Result "1/2-1/2"]
[WhiteElo "2436"]
[BlackElo "2166"]
[PlyCount "55"]
[EventDate "2016.08.14"]
[EventType "swiss (rapid)"]
[EventRounds "9"]
[EventCountry "ESP"]
[SourceTitle "CBM 173 Extra"]
[Source "ChessBase"]
[SourceDate "2016.08.29"]
[SourceVersion "1"]
[SourceVersionDate "2016.08.29"]
[SourceQuality "1"]

1. d4 Nf6 2. Nf3 b6 3. e3 Bb7 4. Bd3 e6 5. 0-0 Be7 6. c4 0-0 7. Nc3 d5 8. b3 c5 9. Bb2 Nc6 10. cxd5 Nxd5 11. dxc5 Bxc5 12. Ne4 Be7 13. a3 Rc8 14. Qe2 Qc7 15. Rac1 Qb8 16. Nfg5 h6 17. Qh5 Ne5 18. Bb1 hxg5 19. Nxg5 Nf6 20. Bh7+ Kh8 21. Qh3 Neg4 22. Bg6+ Kg8 23. Bh7+ Kh8 24. Bg6+ Kg8 25. Bxf6 Nxf6 26. Bh7+ Kh8 27. Bg6+ Kg8 28. Bh7+ 1/2-1/2

[Event "ESP-ch rapid"]
[Site "Linares"]
[Date "2016.08.14"]
[Round "9"]
[White "Garcia Molina, Francisco Miguel"]
[Black "Espinosa Aranda, Angel"]
[Result "0-1"]
[WhiteElo "2166"]
[BlackElo "2422"]
[PlyCount "218"]
[EventDate "2016.08.14"]
[EventType "swiss (rapid)"]
[EventRounds "9"]
[EventCountry "ESP"]
[SourceTitle "CBM 173 Extra"]
[Source "ChessBase"]
[SourceDate "2016.08.29"]
[SourceVersion "1"]
[SourceVersionDate "2016.08.29"]
[SourceQuality "1"]

1. d4 Nf6 2. Nf3 e6 3. e3 b6 4. b3 Bb7 5. Bd3 d5 6. Nbd2 Nbd7 7. Bb2 Bd6 8. 0-0 Ne4 9. Ne5 Nxd2 10. Qxd2 0-0 11. Nxd7 Qxd7 12. Qe2 f6 13. e4 c5 14. Rad1 cxd4 15. Bxd4 Qc6 16. Rfe1 dxe4 17. Bxe4 Qxe4 18. Qxe4 Bxe4 19. Rxe4 Rfd8 20. Ree1 Bb4 21. c3 Rxd4 22. cxd4 Bxe1 23. Rxe1 Rc8 24. Kf1 Kf7 25. f3 Ke7 26. Kf2 Kd6 27. Ke3 Kd5 28. Kd3 a5 29. a4 Rc7 30. Rd1 g5 31. Re1 h5 32. Rf1 Rb7 33. Rc1 Kd6 34. h3 b5 35. axb5 Rxb5 36. Kc4 Rf5 37. Ra1 g4 38. fxg4 hxg4 39. hxg4 Rg5 40. Ra2 Rxg4 41. Rxa5 e5 42. Ra6+ Ke7 43. Ra7+ Ke6 44. Ra6+ Kf5 45. Rd6 e4 46. b4 Rxg2 47. Rd8 Rc2+ 48. Kb3 Rc1 49. Re8 Kf4 50. d5 e3 51. b5 Rc5 52. Kb4 Rxd5 53. b6 Re5 54. Rxe5 fxe5 55. b7 e2 56. b8Q e1Q+ 57. Kc4 Qe4+ 58. Kc5 Qd4+ 59. Kc6 Kf3 60. Qb3+ Qe3 61. Qf7+ Ke2 62. Qa2+ Kd3 63. Qb3+ Ke4 64. Qd5+ Kf4 65. Qf7+ Kg3 66. Qg8+ Kf3 67. Qf7+ Qf4 68. Qb3+ Kg4 69. Qg8+ Qg5 70. Qc4+ Kf5 71. Qf1+ Qf4 72. Qh3+ Qg4 73. Qf1+ Ke6 74. Qd3 Qg2+ 75. Kc5 Qg1+ 76. Kc6 Qc1+ 77. Kb6 Qg1+ 78. Kc6 Qc1+ 79. Kb6 Kf6 80. Qf3+ Qf4 81. Qc6+ Kg5 82. Qc2 e4 83. Qg2+ Kf6 84. Qb2+ Qe5 85. Qf2+ Ke6 86. Qa2+ Qd5 87. Qe2 Qb3+ 88. Kc5 Qc3+ 89. Kb6 Qd4+ 90. Kc6 Qd6+ 91. Kb7 Qd3 92. Qg4+ Ke5 93. Qg7+ Kf4 94. Qf6+ Ke3 95. Qg5+ Kd4 96. Qf6+ Kc4 97. Qa6+ Kc3 98. Qa1+ Kd2 99. Qb2+ Qc2 100. Qd4+ Ke2 101. Kb6 Qb3+ 102. Kc6 e3 103. Qg4+ Kd2 104. Qg2+ e2 105. Qg5+ Kd1 106. Qg4 Qc3+ 107. Kd5 Kd2 108. Qf4+ Kc2 109. Qf2 Qd2+ 0-1

[Event "ESP-ch rapid"]
[Site "Linares"]
[Date "2016.08.14"]
[Round "7"]
[White "Suarez Uriel, Adrian"]
[Black "Garcia Molina, Francisco Miguel"]
[Result "0-1"]
[WhiteElo "2311"]
[BlackElo "2166"]
[PlyCount "112"]
[EventDate "2016.08.14"]
[EventType "swiss (rapid)"]
[EventRounds "9"]
[EventCountry "ESP"]
[SourceTitle "CBM 173 Extra"]
[Source "ChessBase"]
[SourceDate "2016.08.29"]
[SourceVersion "1"]
[SourceVersionDate "2016.08.29"]
[SourceQuality "1"]

1. e4 d6 2. d4 Nf6 3. Nc3 g6 4. g3 Bg7 5. Bg2 0-0 6. Nge2 c6 7. h3 e5 8. Be3 Na6 9. 0-0 Nc7 10. Qd2 Re8 11. Rad1 Be6 12. Rfe1 a6 13. Nc1 Qc8 14. Kh2 Nb5 15. dxe5 dxe5 16. Na4 Nd7 17. Nb3 Bf8 18. c4 Nd4 19. Nxd4 exd4 20. Qxd4 b5 21. Nb6 Nxb6 22. Qxb6 Rb8 23. Qa7 bxc4 24. Qd4 Bg7 25. e5 Qb7 26. Rd2 h5 27. Qc5 Rec8 28. Red1 Qb5 29. f4 a5 30. Qe7 Bf8 31. Qg5 Qb4 32. a3 Qe7 33. Qxe7 Bxe7 34. Be4 c3 35. bxc3 Bxa3 36. Bc2 Bb2 37. Rd6 Kg7 38. Rb1 Bxc3 39. Rxb8 Rxb8 40. Rxc6 Bb4 41. Kg1 Bxh3 42. Rc7 Be6 43. Kf2 Rc8 44. Rxc8 Bxc8 45. Ba4 Kf8 46. Bb6 Ke7 47. Bc7 Bd7 48. Bxd7 Kxd7 49. Bb6 Kc6 50. Bd4 Kd5 51. Ke3 Bc5 52. Bxc5 Kxc5 53. Ke4 a4 54. f5 gxf5+ 55. Kxf5 a3 56. Kf6 Kd5 0-1

[Event "Almeria Sola Memorial 1st"]
[Site "Almeria"]
[Date "2014.12.26"]
[Round "1"]
[White "Perez Beltran, Salvador"]
[Black "Garcia Molina, Francisco Miguel"]
[Result "0-1"]
[WhiteElo "1510"]
[BlackElo "2152"]
[PlyCount "48"]
[EventDate "2014.12.26"]
[EventType "swiss"]
[EventRounds "7"]
[EventCountry "ESP"]
[SourceTitle "CBM 164 Extra"]
[Source "ChessBase"]
[SourceDate "2015.03.02"]
[SourceVersion "1"]
[SourceVersionDate "2015.03.02"]
[SourceQuality "1"]

1. d4 Nf6 2. c4 e6 3. Nc3 Bb4 4. e3 Bxc3+ 5. bxc3 b6 6. Nf3 Bb7 7. Be2 d6 8. 0-0 Nbd7 9. Ba3 Ne4 10. Qc2 f5 11. Nd2 Nxd2 12. Qxd2 Qg5 13. f3 0-0-0 14. Rab1 h5 15. Bd1 h4 16. h3 Rh6 17. Qf2 Rg6 18. Rb2 Qf6 19. Kh1 Rg3 20. Bb4 c5 21. Ba3 Rh8 22. Rd2 g5 23. Rg1 g4 24. fxg4 Rxh3# 0-1

[Event "ESP-ch U16"]
[Site "Padron"]
[Date "2008.07.22"]
[Round "5"]
[White "Bardera Gil, Sergi"]
[Black "Garcia Molina, Francisco Miguel"]
[Result "1/2-1/2"]
[WhiteElo "2101"]
[BlackElo "2144"]
[PlyCount "63"]
[EventDate "2008.07.20"]
[EventType "swiss"]
[EventRounds "9"]
[EventCountry "ESP"]
[SourceTitle "EXT 2010"]
[Source "ChessBase"]
[SourceDate "2010.11.25"]
[SourceVersion "1"]
[SourceVersionDate "2010.11.25"]
[SourceQuality "1"]

1. e4 e6 2. d4 d5 3. Nc3 Bb4 4. e5 Ne7 5. a3 Bxc3+ 6. bxc3 c5 7. Qg4 0-0 8. Bd3 f5 9. exf6 Rxf6 10. Bg5 Rf7 11. Qh4 h6 12. Bd2 Nbc6 13. Nf3 Bd7 14. Qg3 c4 15. Be2 Nf5 16. Qh3 Nd6 17. Bxh6 gxh6 18. Qg3+ Rg7 19. Qxd6 Rxg2 20. Kf1 Rg7 21. Rg1 Qe7 22. Qf4 Kh7 23. Rg3 Rf8 24. Qe3 Qf6 25. Kg2 Qf4 26. Rxg7+ Kxg7 27. Qxf4 Rxf4 28. Kg3 Rf6 29. Re1 Be8 30. Nh4 Ne7 31. Bg4 Bf7 32. Re5 1/2-1/2

[Event "ESP-ch U16"]
[Site "Padron"]
[Date "2008.07.20"]
[Round "2"]
[White "Garcia Molina, Francisco Miguel"]
[Black "Gutierrez Valero, Mario"]
[Result "1/2-1/2"]
[WhiteElo "2144"]
[BlackElo "1945"]
[PlyCount "78"]
[EventDate "2008.07.20"]
[EventType "swiss"]
[EventRounds "9"]
[EventCountry "ESP"]
[SourceTitle "EXT 2010"]
[Source "ChessBase"]
[SourceDate "2010.11.25"]
[SourceVersion "1"]
[SourceVersionDate "2010.11.25"]
[SourceQuality "1"]

1. e4 c5 2. Nf3 Nc6 3. Nc3 e5 4. Bc4 d6 5. d3 Be7 6. Nd2 Nf6 7. Nf1 0-0 8. Ne3 Nd7 9. Ncd5 Nb6 10. 0-0 Nxc4 11. dxc4 Bg5 12. c3 g6 13. Qc2 Be6 14. g3 Bh3 15. Rd1 f5 16. exf5 gxf5 17. f4 exf4 18. Nxf4 Bxf4 19. gxf4 Qh4 20. Qf2 Qh6 21. Kh1 Kh8 22. Bd2 Rg8 23. Rg1 Qe6 24. Qf3 Bg4 25. Nxg4 fxg4 26. Qd5 Qxd5+ 27. cxd5 Ne7 28. c4 h5 29. Rae1 Nf5 30. Re6 Kh7 31. Rge1 Raf8 32. Bc3 g3 33. Bf6 h4 34. Bg5 Rf7 35. hxg3 hxg3 36. Kg2 Kg7 37. Kh3 Rh8+ 38. Kg4 Rh2 39. R6e2 Rf2 1/2-1/2

[Event "ESP-chT U16"]
[Site "Aviles"]
[Date "2008.06.27"]
[Round "4.1"]
[White "Cruz, Cristhian"]
[Black "Garcia Molina, Francisco Miguel"]
[Result "1-0"]
[WhiteElo "2473"]
[BlackElo "2161"]
[PlyCount "77"]
[EventDate "2008.06.25"]
[EventType "team-swiss"]
[EventRounds "6"]
[EventCountry "ESP"]
[SourceTitle "EXT 2010"]
[Source "ChessBase"]
[SourceDate "2010.11.25"]
[SourceVersion "1"]
[SourceVersionDate "2010.11.25"]
[SourceQuality "1"]

1. d4 f5 2. c4 Nf6 3. Nc3 g6 4. g3 Bg7 5. Bg2 0-0 6. Nh3 d6 7. d5 Qe8 8. 0-0 Na6 9. Qc2 Bd7 10. b3 h6 11. Bb2 c5 12. Nf4 Nc7 13. e4 g5 14. Nd3 Qh5 15. Rae1 Rae8 16. exf5 Bxf5 17. Ne4 Qg6 18. Bxf6 Bxf6 19. Qd2 Bd4 20. Kh1 e5 21. b4 b6 22. f3 Bxe4 23. Rxe4 Na6 24. b5 Nc7 25. Rfe1 Qf6 26. Qc2 Re7 27. f4 gxf4 28. gxf4 Ne8 29. Qe2 Rg7 30. Rf1 Qg6 31. fxe5 Rxf1+ 32. Qxf1 dxe5 33. Nxe5 Qh5 34. Nf3 Nd6 35. Rh4 Qg6 36. Nxd4 cxd4 37. Rxd4 Rf7 38. Rf4 Rg7 39. Rf6 1-0

[Event "Andalucia-ch U18"]
[Site "Motril"]
[Date "2008.03.14"]
[Round "1.2"]
[White "Ortega Fernandez, Antonio"]
[Black "Garcia Molina, Francisco Miguel"]
[Result "0-1"]
[WhiteElo "1927"]
[BlackElo "2162"]
[PlyCount "108"]
[EventDate "2008.03.14"]
[EventType "swiss"]
[EventRounds "8"]
[EventCountry "ESP"]
[SourceTitle "EXT 2024"]
[Source "ChessBase"]
[SourceDate "2023.10.10"]
[SourceVersion "1"]
[SourceVersionDate "2023.10.10"]
[SourceQuality "1"]

1. e4 e6 2. Qe2 c5 3. c3 Nc6 4. g3 g6 5. Bg2 Bg7 6. f4 d6 7. Nf3 Nge7 8. d3 0-0 9. 0-0 Rb8 10. Be3 b5 11. d4 cxd4 12. Nxd4 Nxd4 13. Bxd4 a5 14. Rd1 Bxd4+ 15. Rxd4 Qb6 16. Kh1 b4 17. Rd2 Rd8 18. a3 Bb7 19. axb4 axb4 20. cxb4 Qxb4 21. Nc3 d5 22. exd5 Nxd5 23. Nxd5 Bxd5 24. Bxd5 Rxd5 25. Rxd5 exd5 26. Rd1 Qe4+ 27. Qxe4 dxe4 28. Re1 f5 29. Re2 Kf7 30. Kg2 Ke6 31. Rd2 h6 32. Kf2 g5 33. fxg5 hxg5 34. Ke3 Ke5 35. Rc2 f4+ 36. Kf2 Kd4 37. Rd2+ Kc4 38. Re2 Kd3 39. b4 Rxb4 40. Ra2 Rc4 41. gxf4 gxf4 42. h4 Rc5 43. Ra3+ Kd4 44. Ra4+ Ke5 45. h5 Rc2+ 46. Ke1 Kf5 47. h6 Rh2 48. Ra5+ Kg4 49. Ra6 e3 50. Re6 Kf3 51. Kd1 Rh1+ 52. Kc2 e2 53. h7 Rxh7 54. Kd2 Rd7+ 0-1

[Event "ESP-ch U16"]
[Site "Linares"]
[Date "2007.07.27"]
[Round "9"]
[White "Coll Ortega, Jordi"]
[Black "Garcia Molina, Francisco Miguel"]
[Result "1-0"]
[WhiteElo "2105"]
[BlackElo "2157"]
[PlyCount "87"]
[EventDate "2007.07.22"]
[EventType "swiss"]
[EventRounds "9"]
[EventCountry "ESP"]
[SourceTitle "EXT 2008"]
[Source "ChessBase"]
[SourceDate "2007.11.25"]
[SourceVersion "1"]
[SourceVersionDate "2007.11.25"]
[SourceQuality "1"]

1. c4 e5 2. g3 Nf6 3. Bg2 c6 4. d4 Bb4+ 5. Bd2 Bxd2+ 6. Qxd2 d6 7. Nc3 0-0 8. e3 Be6 9. b3 exd4 10. Qxd4 d5 11. cxd5 Nxd5 12. Nge2 Nxc3 13. Qxc3 Nd7 14. Nf4 Qe7 15. 0-0 Nf6 16. Nxe6 Qxe6 17. Qc4 Qxc4 18. bxc4 Nd7 19. Rfd1 Nc5 20. Rd4 Rfd8 21. Rad1 Ne6 22. Rd7 Rxd7 23. Rxd7 Nc5 24. Rd4 Kf8 25. f4 Ke7 26. e4 Ne6 27. Rd2 a5 28. Kf2 a4 29. a3 Ra6 30. Rb2 Nc5 31. Ke3 f6 32. g4 Kd6 33. h4 Nb3 34. Bf1 Ra8 35. Bd3 Kc5 36. g5 b5 37. cxb5 cxb5 38. Rc2+ Kb6 39. gxf6 gxf6 40. e5 fxe5 41. fxe5 Rg8 42. Bxh7 Rh8 43. Bg6 Nc5 44. h5 1-0

[Event "Albacete op 13th"]
[Site "Albacete"]
[Date "2005.09.02"]
[Round "2"]
[White "Garcia Molina, Francisco Miguel"]
[Black "Zambrana, Oswaldo"]
[Result "0-1"]
[WhiteElo "2042"]
[BlackElo "2421"]
[PlyCount "78"]
[EventDate "2005.09.01"]
[EventType "swiss"]
[EventRounds "9"]
[EventCountry "ESP"]
[SourceTitle "CBM 108 Extra"]
[Source "ChessBase"]
[SourceDate "2005.11.04"]
[SourceVersion "1"]
[SourceVersionDate "2005.11.04"]
[SourceQuality "1"]

1. e4 c5 2. Nf3 Nc6 3. Nc3 e5 4. Bc4 Be7 5. d3 d6 6. Nd2 Bg5 7. h4 Bxd2+ 8. Bxd2 Nf6 9. Bg5 h6 10. Bxf6 Qxf6 11. Nd5 Qd8 12. c3 Be6 13. Qb3 Qd7 14. 0-0-0 0-0 15. f3 Rfb8 16. a4 Na5 17. Qb5 Qd8 18. b4 Nxc4 19. Qxc4 cxb4 20. Qxb4 b5 21. a5 Bxd5 22. exd5 Rc8 23. Kb2 Rc5 24. Rhe1 Rac8 25. Rc1 Rxd5 26. Qe4 Rdc5 27. Qb4 a6 28. Rc2 Qf6 29. Ree2 d5 30. Rf2 Qc6 31. f4 e4 32. dxe4 Rc4 33. Qb3 dxe4 34. g4 Rd8 35. Rcd2 Rb8 36. Rd4 e3 37. Re2 Qf3 38. Qc2 Rbc8 39. Rd3 Re4 0-1

[Event "ESP-ch U14"]
[Site "Mondariz"]
[Date "2005.07.08"]
[Round "5.4"]
[White "Moreno Gracia, Daniel"]
[Black "Garcia Molina, Francisco Miguel"]
[Result "1-0"]
[WhiteElo "1968"]
[BlackElo "2042"]
[PlyCount "49"]
[EventDate "2005.07.06"]
[EventType "swiss"]
[EventRounds "8"]
[EventCountry "ESP"]
[SourceTitle "EXT 2024"]
[Source "ChessBase"]
[SourceDate "2023.10.10"]
[SourceVersion "1"]
[SourceVersionDate "2023.10.10"]
[SourceQuality "1"]

1. e4 c5 2. Nf3 d6 3. d4 cxd4 4. Nxd4 Nf6 5. Nc3 g6 6. Be3 Bg7 7. f3 0-0 8. Qd2 Nc6 9. 0-0-0 d5 10. h4 e6 11. h5 Nxh5 12. g4 Nf6 13. Nxc6 bxc6 14. Bh6 Qc7 15. Bxg7 Kxg7 16. Qh6+ Kg8 17. exd5 cxd5 18. Bd3 Re8 19. g5 Qf4+ 20. Kb1 Nd7 21. Qxh7+ Kf8 22. Qh8+ Ke7 23. Nxd5+ exd5 24. Rhe1+ Kd6 25. Rxe8 1-0

[Event "ESP-ch U14"]
[Site "Mondariz"]
[Date "2005.07.07"]
[Round "3.8"]
[White "Garcia Molina, Francisco Miguel"]
[Black "Castejon Caballero, Andres"]
[Result "1-0"]
[WhiteElo "2042"]
[BlackElo "1967"]
[PlyCount "63"]
[EventDate "2005.07.06"]
[EventType "swiss"]
[EventRounds "8"]
[EventCountry "ESP"]
[SourceTitle "EXT 2024"]
[Source "ChessBase"]
[SourceDate "2023.10.10"]
[SourceVersion "1"]
[SourceVersionDate "2023.10.10"]
[SourceQuality "1"]

1. e4 c5 2. Nf3 Nc6 3. d4 cxd4 4. Nxd4 Nf6 5. Nc3 e5 6. Ndb5 d6 7. Nd5 Nxd5 8. exd5 Nb8 9. c4 Be7 10. Bd3 0-0 11. 0-0 a6 12. Nc3 Nd7 13. f3 Nc5 14. Bc2 f5 15. b4 Nd7 16. Kh1 Qe8 17. Be3 Qh5 18. f4 Qh6 19. Qd2 e4 20. Ne2 Nf6 21. Nd4 Ng4 22. h3 Bh4 23. c5 dxc5 24. bxc5 Rf6 25. Bd1 Rg6 26. Bxg4 Rxg4 27. Rab1 Bg3 28. Ne2 Bh4 29. Rb6 Qh5 30. Kh2 a5 31. hxg4 fxg4 32. Ng3 1-0